ISLAM: AN INTRODUCTION (Record no. 7719)

MARC details
000 -LEADER
fixed length control field 00475nam a22001337a 4500
050 ## - CALL NUMBER
Classification number BP161.2
Item number .N12
100 ## - AUTHOR
Personal name Nadwi, Sayyid Abul H. A.
245 ## - TITLE
Title ISLAM: AN INTRODUCTION
Statement of responsibility, etc Sayyid Abul H. A. Nadwi
260 ## - PUBLICATION INFORMATION
Place of publication New Delhi
Name of publisher Qazi Pub
Year of publication 2006
300 ## - DESCRIPTION
Number of Pages 174p.:
Dimensions 22cm.
505 ## - FORMATTED CONTENTS NOTE
Table of Content i. Islam meaning<br/>i. Pillars of Islam<br/>iii. Islam society: features, festivals and customs<br/>iv. Islam culture<br/>v. Islam morality and ethics<br/>vi Conclusion<br/>
650 ## - SUBJECTS
Topical Term Islam
942 ## - ADDED ENTRY ELEMENTS (KOHA)
Koha item type Books
Holdings
Withdrawn status Lost status Collection code Home library Current library Shelving location Date acquired Full call number Accession Number Koha item type
    Reference Methodist University Library Main Methodist University Library Main General Stacks 27/07/2021 BP161.2.N12 13312 Books
    Reference Methodist University Library Main Methodist University Library Main General Stacks 27/07/2021 BP161.2.N12 13313 Books
Copyright © 2026  MUG Library